Environmental justice. Creating equality, reclaiming democracy
Guardat en:
| Autor principal: | |
|---|---|
| Format: | Llibre |
| Idioma: | anglès |
| Publicat: |
Oxford, United Kingdom
Oxford University Press
2002
|
| Col·lecció: | Environmental Ethics and Science Policy Series
|
| Matèries: | |
| Accés en línia: | Disponible Online |
| Etiquetes: |
Afegir etiqueta
Sense etiquetes, Sigues el primer a etiquetar aquest registre!
|
MARC
| LEADER | 00000nam a2200000 a 4500 | ||
|---|---|---|---|
| 001 | UCJ0376 | ||
| 003 | CL-VaPUC | ||
| 005 | 20210728001739.0 | ||
| 008 | 060721e20020000UK |||||||||||||||||eng|d | ||
| 999 | |c 317231 |d 317229 | ||
| 020 | |a 0195152034 | ||
| 040 | |c Pontificia Universidad Católica de Valparaíso | ||
| 082 | 0 | 4 | |a 363.7 SHR 2002 |2 21 |
| 100 | 0 | |a Shrader-Frechette, Kristin |e author |9 500525 | |
| 245 | 1 | 0 | |a Environmental justice. |b Creating equality, reclaiming democracy |
| 260 | |a Oxford, United Kingdom |b Oxford University Press |c 2002 | ||
| 300 | |a 269 páginas | ||
| 490 | 0 | |a Environmental Ethics and Science Policy Series | |
| 583 | |a last modification |c 20130305 04:19:01 |k Rodrigo Vera | ||
| 650 | 0 | |a Derecho ambiental |9 257835 |z Estados Unidos | |
| 650 | 0 | |a Aspectos políticos |9 257400 | |
| 650 | 0 | |a Protección del medio ambiente |9 257626 | |
| 856 | |u https://oxford-universitypressscholarship-com.pucv.idm.oclc.org/view/10.1093/0195152034.001.0001/acprof-9780195152036?rskey=Q7Sw3K&result=2 |y Disponible Online | ||
| 942 | |c BK |2 ddc | ||
| 945 | |d 20060721 00:00:00 |a cmena | ||
| 952 | |0 0 |1 0 |4 0 |6 363_700000000000000_SHR_2002 |7 0 |8 A |9 393273 |a BIBDER |b BIBDER |d 2019-11-22 |i 4194055 |o 363.7 SHR 2002 |p 4194055 |r 2023-01-25 |w 2019-11-22 |y BK |k DER | ||